[Event "SVK-chT 2324"]
[Site "Slovakia"]
[Date "2023.12.09"]
[Round "3.6"]
[White "Lipka, Juraj"]
[Black "Krak, Tomas"]
[Result "1/2-1/2"]
[WhiteElo "2377"]
[BlackElo "2264"]
[PlyCount "41"]
[EventDate "2023.11.04"]
[EventType "team-tourn"]
[EventRounds "11"]
[EventCountry "SVK"]
[SourceTitle "CB04_2024"]
[SourceDate "2023.10.16"]
[SourceVersion "1"]
[SourceVersionDate "2023.10.16"]
[SourceQuality "1"]
[WhiteTeam "Modra"]
[BlackTeam "Humenne Reinter"]
[WhiteTeamCountry "SVK"]
[BlackTeamCountry "SVK"]

1. Nf3 Nf6 2. g3 g6 3. Bg2 Bg7 4. d4 0-0 5. 0-0 d6 6. Nc3 c6 7. e4 Nbd7 8. Re1 e5 9. a4 Re8 10. h3 a5 11. Be3 Qc7 12. Qd2 b6 13. Rad1 Bb7 14. g4 Rad8 15. Bg5 Qb8 16. dxe5 dxe5 17. Qd6 Qc8 18. Qa3 Qc7 19. Qd6 Qc8 20. Qa3 Qc7 21. Qd6 1/2-1/2

[Event "SVK-chT 2223"]
[Site "Slovakia"]
[Date "2023.04.02"]
[Round "11.1"]
[White "Krak, Tomas"]
[Black "Petran, Peter"]
[Result "1/2-1/2"]
[WhiteElo "2312"]
[BlackElo "2228"]
[PlyCount "38"]
[EventDate "2022.10.22"]
[EventType "team-tourn"]
[EventRounds "11"]
[EventCountry "SVK"]
[SourceTitle "EXT 2024"]
[Source "ChessBase"]
[SourceDate "2023.10.10"]
[SourceVersion "1"]
[SourceVersionDate "2023.10.10"]
[SourceQuality "1"]
[WhiteTeam "Humenne Reinter"]
[BlackTeam "Bratislava Slovan"]
[WhiteTeamCountry "SVK"]
[BlackTeamCountry "SVK"]

1. c4 g6 2. g3 Bg7 3. Bg2 d6 4. Nc3 e5 5. d3 Ne7 6. e4 Be6 7. Nge2 Qd7 8. h4 h6 9. Be3 c6 10. Qd2 d5 11. cxd5 cxd5 12. d4 Nbc6 13. Rd1 exd4 14. Nxd4 dxe4 15. Nxe4 Nxd4 16. Bxd4 Bxd4 17. Qxd4 Qxd4 18. Rxd4 0-0 19. 0-0 Rfd8 1/2-1/2

[Event "SVK-chT 2223"]
[Site "Slovakia"]
[Date "2022.12.10"]
[Round "3.7"]
[White "Krak, Tomas"]
[Black "Holly, Andrej"]
[Result "1/2-1/2"]
[WhiteElo "2312"]
[BlackElo "2174"]
[PlyCount "80"]
[EventDate "2022.10.22"]
[EventType "team-tourn"]
[EventRounds "11"]
[EventCountry "SVK"]
[SourceTitle "EXT 2024"]
[Source "ChessBase"]
[SourceDate "2023.10.10"]
[SourceVersion "1"]
[SourceVersionDate "2023.10.10"]
[SourceQuality "1"]
[WhiteTeam "Humenne Reinter"]
[BlackTeam "Liptov Chess School"]
[WhiteTeamCountry "SVK"]
[BlackTeamCountry "SVK"]

1. d4 Nf6 2. c4 e6 3. Nc3 d5 4. cxd5 Nxd5 5. Nf3 c5 6. e3 Nc6 7. Bb5 cxd4 8. exd4 Qa5 9. Qd3 Be7 10. 0-0 0-0 11. Bd2 Qd8 12. a3 a6 13. Ba4 b5 14. Bc2 g6 15. Bh6 Re8 16. Rfe1 Nxc3 17. bxc3 Bb7 18. h4 Bxh4 19. a4 Na5 20. axb5 axb5 21. Qxb5 Bxf3 22. gxf3 Qc7 23. Be4 Rab8 24. Qe5 Qxe5 25. dxe5 Nc4 26. Bd3 Nb2 27. Bf1 Rec8 28. Reb1 Rb3 29. Kg2 Be7 30. Bc1 Rcb8 31. Ra2 Nd1 32. Rxb3 Rxb3 33. Bh6 Rb8 34. c4 f6 35. Rd2 Rd8 36. exf6 Bxf6 37. Be2 Nc3 38. Rxd8+ Bxd8 39. Bd3 Bb6 40. Bc2 Kf7 1/2-1/2

[Event "SVK-chT1E 2223"]
[Site "Slovakia"]
[Date "2022.11.06"]
[Round "4.1"]
[White "Krak, Tomas"]
[Black "Krnan, Tomas"]
[Result "0-1"]
[WhiteElo "2302"]
[BlackElo "2418"]
[PlyCount "90"]
[EventDate "2022.10.15"]
[EventType "team-tourn"]
[EventRounds "11"]
[EventCountry "SVK"]
[SourceTitle "EXT 2024"]
[Source "ChessBase"]
[SourceDate "2023.10.10"]
[SourceVersion "1"]
[SourceVersionDate "2023.10.10"]
[SourceQuality "1"]
[WhiteTeam "Humenne Reinter II"]
[BlackTeam "Banska Bystrica Junior"]
[WhiteTeamCountry "SVK"]
[BlackTeamCountry "SVK"]

1. e4 e5 2. Nf3 Nc6 3. Nc3 Nf6 4. d4 exd4 5. Nxd4 Bb4 6. Nxc6 bxc6 7. Bd3 0-0 8. 0-0 Re8 9. Qf3 Rb8 10. h3 Qe7 11. Bg5 h6 12. Bh4 d6 13. Rae1 Qe6 14. a3 Bxc3 15. bxc3 c5 16. Qe2 Bb7 17. f3 Bc6 18. Bg3 d5 19. e5 Nh5 20. Bh2 c4 21. f4 Nxf4 22. Rxf4 cxd3 23. cxd3 Rb3 24. Ref1 Re7 25. Qc2 Rxa3 26. Qb2 Ra6 27. Qb8+ Be8 28. R4f2 c5 29. Bg3 Rb6 30. Qd8 Rd7 31. Qc8 Rc6 32. Qa8 Rdc7 33. Ra1 a6 34. Rb2 Rc8 35. Qa7 Qg6 36. Kh2 Qxd3 37. Rb6 Rxb6 38. Qxb6 Qxc3 39. Qxa6 Bd7 40. Ra3 Qc2 41. e6 Bxe6 42. Be5 Qf5 43. Qd6 f6 44. Bg3 d4 45. Qe7 Bf7 0-1

[Event "SVK-chT 2223"]
[Site "Slovakia"]
[Date "2022.10.22"]
[Round "1.3"]
[White "Molnar, Erno"]
[Black "Krak, Tomas"]
[Result "0-1"]
[WhiteElo "2234"]
[BlackElo "2312"]
[PlyCount "74"]
[EventDate "2022.10.22"]
[EventType "team-tourn"]
[EventRounds "11"]
[EventCountry "SVK"]
[SourceTitle "EXT 2024"]
[Source "ChessBase"]
[SourceDate "2023.10.10"]
[SourceVersion "1"]
[SourceVersionDate "2023.10.10"]
[SourceQuality "1"]
[WhiteTeam "Komarno"]
[BlackTeam "Humenne Reinter"]
[WhiteTeamCountry "SVK"]
[BlackTeamCountry "SVK"]

1. e4 c5 2. Nf3 d6 3. d4 cxd4 4. Nxd4 Nc6 5. Nc3 Nf6 6. Bg5 e6 7. Qd2 a6 8. 0-0-0 Bd7 9. f3 h6 10. Be3 b5 11. Nxc6 Bxc6 12. Ne2 Bb7 13. Kb1 Rc8 14. Nd4 Nd7 15. h4 Ne5 16. Be2 Qc7 17. g4 Nc4 18. Bxc4 bxc4 19. c3 h5 20. g5 g6 21. Nc2 Be7 22. Bf4 Rd8 23. Ne3 0-0 24. Qe2 Rc8 25. Rd4 e5 26. Rxc4 Qb6 27. Bg3 Rxc4 28. Nxc4 Qb5 29. Re1 f6 30. gxf6 Rxf6 31. Nd2 Qxe2 32. Rxe2 Bf8 33. Rf2 Bh6 34. Nf1 Rxf3 35. Kc2 Bxe4+ 36. Kb3 Bf4 37. Bxf4 Rxf2 0-1

[Event "Pardubice rapid op 33rd"]
[Site "Pardubice"]
[Date "2022.07.21"]
[Round "8"]
[White "Krak, Tomas"]
[Black "Kraus, Ondrej"]
[Result "1-0"]
[WhiteElo "2312"]
[BlackElo "1993"]
[PlyCount "75"]
[EventDate "2022.07.20"]
[EventType "swiss (rapid)"]
[EventRounds "9"]
[EventCountry "CZE"]
[SourceTitle "CBM 209 Extra"]
[Source "ChessBase"]
[SourceDate "2022.09.30"]
[SourceVersion "1"]
[SourceVersionDate "2022.09.30"]
[SourceQuality "1"]

1. Nf3 Nf6 2. c4 e6 3. Nc3 c5 4. g3 d5 5. cxd5 Nxd5 6. Bg2 Be7 7. 0-0 0-0 8. d3 Nxc3 9. bxc3 Nc6 10. Rb1 Bf6 11. Qc2 e5 12. Nd2 Qc7 13. Nc4 Be6 14. Qa4 Rac8 15. f4 e4 16. Bxe4 Bxc3 17. f5 b5 18. Rxb5 Bxc4 19. Qxc4 Nd4 20. Rb7 Qa5 21. e3 Ne2+ 22. Kf2 Nxc1 23. Rxc1 Bb4 24. Rc2 Ba3 25. Bd5 Rc7 26. Qb5 Qxb5 27. Rxb5 Rfc8 28. Rb3 Bb4 29. a3 Ba5 30. Rb5 Bb6 31. a4 Rd7 32. Bc4 Kf8 33. Kf3 Rd6 34. a5 Bd8 35. Rb7 Bxa5 36. Rxf7+ Ke8 37. Rxg7 Rc7 38. Bb5+ 1-0

[Event "Pardubice rapid op 33rd"]
[Site "Pardubice"]
[Date "2022.07.21"]
[Round "6"]
[White "Krak, Tomas"]
[Black "Svoboda, Petr"]
[Result "1-0"]
[WhiteElo "2312"]
[BlackElo "2088"]
[PlyCount "199"]
[EventDate "2022.07.20"]
[EventType "swiss (rapid)"]
[EventRounds "9"]
[EventCountry "CZE"]
[SourceTitle "CBM 209 Extra"]
[Source "ChessBase"]
[SourceDate "2022.09.30"]
[SourceVersion "1"]
[SourceVersionDate "2022.09.30"]
[SourceQuality "1"]

1. Nf3 Nf6 2. c4 g6 3. Nc3 Bg7 4. e4 d6 5. d4 0-0 6. Be2 e5 7. 0-0 Nc6 8. d5 Ne7 9. b4 Ne8 10. c5 f5 11. Nd2 f4 12. Bg4 h5 13. Bxc8 Qxc8 14. a4 Qg4 15. Qxg4 hxg4 16. f3 g3 17. h3 a5 18. Ba3 axb4 19. Bxb4 dxc5 20. Bxc5 Nd6 21. Nb5 Nxb5 22. axb5 Bf6 23. Nb3 b6 24. Bb4 Rfd8 25. Rfc1 Rxa1 26. Rxa1 Kf7 27. Ra7 Rd7 28. Kf1 Nc8 29. Ra8 Nd6 30. Bxd6 cxd6 31. Ke2 Rc7 32. Kd3 g5 33. Ra6 Rb7 34. Nd2 Bd8 35. Nc4 Ke7 36. Ra8 Kd7 37. Nxd6 Kxd6 38. Rxd8+ Kc5 39. Rg8 Ra7 40. Rxg5 Ra3+ 41. Kc2 Re3 42. Rxe5 Re2+ 43. Kd3 Rxg2 44. Rf5 Rf2 45. Rxf4 g2 46. Rg4 Rxf3+ 47. Ke2 Rf4 48. Rxg2 Rxe4+ 49. Kf3 Ra4 50. Rd2 Kd6 51. Kg3 Rb4 52. h4 Rxb5 53. h5 Rb1 54. Kf4 Rh1 55. Kg5 Rg1+ 56. Kf6 Rf1+ 57. Kg6 Rg1+ 58. Kf6 Rf1+ 59. Kg7 Rg1+ 60. Kh7 b5 61. h6 b4 62. Kh8 b3 63. h7 Rg3 64. Rd4 Rg5 65. Rd3 b2 66. Rb3 Rg2 67. Rb5 Rf2 68. Kg7 Rg2+ 69. Kf6 Rf2+ 70. Kg5 Rg2+ 71. Kf5 Rf2+ 72. Ke4 Rh2 73. Rb6+ Kc7 74. Rxb2 Rxh7 75. Ra2 Rh1 76. Ra7+ Kd6 77. Ra6+ Ke7 78. Ra3 Rh4+ 79. Ke5 Rh5+ 80. Kd4 Rh1 81. Rc3 Rh4+ 82. Kc5 Kd7 83. Rg3 Rh7 84. Rg6 Rf7 85. Ra6 Rf1 86. Ra7+ Kc8 87. Kc6 Rc1+ 88. Kd6 Rd1 89. Ra8+ Kb7 90. Rh8 Rg1 91. Rh2 Rg6+ 92. Ke7 Rg7+ 93. Kf6 Rd7 94. Ke6 Rd8 95. Rc2 Re8+ 96. Kd7 Rh8 97. Rb2+ Ka6 98. Kc6 Rh6+ 99. d6 Ka7 100. Kc7 1-0

[Event "Pardubice rapid op 33rd"]
[Site "Pardubice"]
[Date "2022.07.20"]
[Round "2"]
[White "Krak, Tomas"]
[Black "Slavik, Jan"]
[Result "1-0"]
[WhiteElo "2312"]
[BlackElo "1913"]
[PlyCount "83"]
[EventDate "2022.07.20"]
[EventType "swiss (rapid)"]
[EventRounds "9"]
[EventCountry "CZE"]
[SourceTitle "CBM 209 Extra"]
[Source "ChessBase"]
[SourceDate "2022.09.30"]
[SourceVersion "1"]
[SourceVersionDate "2022.09.30"]
[SourceQuality "1"]

1. Nf3 Nf6 2. c4 d5 3. cxd5 Nxd5 4. d4 e6 5. e4 Nf6 6. Nc3 Be7 7. Bd3 Nbd7 8. 0-0 0-0 9. Re1 h6 10. Bc2 c5 11. d5 Nb6 12. d6 Qxd6 13. Qxd6 Bxd6 14. e5 Be7 15. exf6 Bxf6 16. Ne4 Bd4 17. Nxd4 cxd4 18. Nc5 Nd7 19. Nd3 b6 20. Bf4 Bb7 21. Rac1 Rac8 22. Bb3 Rfd8 23. Bc7 Rf8 24. f3 Ba6 25. Bc4 Bb7 26. Bb5 Nf6 27. Bd6 Rfd8 28. Rxc8 Rxc8 29. Rc1 Rxc1+ 30. Nxc1 a6 31. Bc4 Nd7 32. Nd3 Kh7 33. Ne5 Nf6 34. Nxf7 Kg6 35. Ne5+ Kg5 36. g3 Nd5 37. Bxd5 Bxd5 38. a3 Kf5 39. Kf2 g6 40. g4+ Kg5 41. Be7+ Kf4 42. Nd3# 1-0

[Event "SVK-chT 2122"]
[Site "Slovakia"]
[Date "2022.06.11"]
[Round "10.2"]
[White "Krak, Tomas"]
[Black "Stohl, Igor"]
[Result "1/2-1/2"]
[WhiteElo "2310"]
[BlackElo "2458"]
[PlyCount "24"]
[EventDate "2021.10.23"]
[EventType "team-tourn"]
[EventRounds "11"]
[EventCountry "SVK"]
[SourceTitle "EXT 2023"]
[Source "ChessBase"]
[SourceDate "2022.10.05"]
[SourceVersion "1"]
[SourceVersionDate "2022.10.05"]
[SourceQuality "1"]
[WhiteTeam "Humenne Reinter"]
[BlackTeam "Modra"]
[WhiteTeamCountry "SVK"]
[BlackTeamCountry "SVK"]

1. e4 c5 2. Nf3 e6 3. d4 cxd4 4. Nxd4 a6 5. Qf3 g6 6. Nc3 Bg7 7. Be3 Ne7 8. 0-0-0 Nbc6 9. Qg3 d5 10. h4 e5 11. Nxc6 bxc6 12. Bc5 d4 1/2-1/2

[Event "SVK-chT1E 2122"]
[Site "Slovakia"]
[Date "2022.03.19"]
[Round "6.1"]
[White "Krak, Tomas"]
[Black "Ihnat, Marek1111"]
[Result "1-0"]
[WhiteElo "2331"]
[BlackElo "2057"]
[PlyCount "168"]
[EventDate "2022.01.29"]
[EventType "team-tourn"]
[EventRounds "11"]
[EventCountry "SVK"]
[SourceTitle "EXT 2023"]
[Source "ChessBase"]
[SourceDate "2022.10.05"]
[SourceVersion "1"]
[SourceVersionDate "2022.10.05"]
[SourceQuality "1"]
[WhiteTeam "Humenne Reinter II"]
[BlackTeam "Michalovce Zemplin"]
[WhiteTeamCountry "SVK"]
[BlackTeamCountry "SVK"]

1. Nf3 Nf6 2. c4 c5 3. g3 Nc6 4. Nc3 d5 5. cxd5 Nxd5 6. Nxd5 Qxd5 7. Bg2 e5 8. d3 Be7 9. 0-0 Bg4 10. h3 Bh5 11. Be3 Qe6 12. Qa4 0-0 13. Rac1 Nd4 14. Bxd4 exd4 15. Qb5 a6 16. Qc4 Qxc4 17. Rxc4 f6 18. Nd2 Rab8 19. Bd5+ Kh8 20. a4 f5 21. a5 b5 22. axb6 Rxb6 23. b3 Rd8 24. Bf3 Bf7 25. Ra4 Bg5 26. Nc4 Rxb3 27. Ne5 Kg8 28. Rxa6 Bd5 29. Bxd5+ Rxd5 30. Ra8+ Rd8 31. Rxd8+ Bxd8 32. Ra1 Bc7 33. Nc4 Rb7 34. Ra6 Bd8 35. Ra8 Rd7 36. Ne5 Rd6 37. Rc8 Kf8 38. Rxc5 Bf6 39. Nc4 Re6 40. Kf1 g6 41. Rc8+ Kf7 42. Nd2 Re7 43. Rc4 Rd7 44. Nb3 Be5 45. Kg2 Bf6 46. Kf3 Be5 47. Rb4 Kf6 48. Rb6+ Kf7 49. Nc5 Rc7 50. Ne6 Rd7 51. Rc6 Re7 52. Ng5+ Kg7 53. h4 Rd7 54. h5 Re7 55. hxg6 hxg6 56. g4 Bf6 57. Ne6+ Kf7 58. Nf4 fxg4+ 59. Kxg4 Rd7 60. Kf3 Kg7 61. Ke4 Kf7 62. Nd5 Bh4 63. f4 Bf2 64. Rc7 Rxc7 65. Nxc7 Kf6 66. Nb5 g5 67. fxg5+ Kxg5 68. Nxd4 Kf6 69. Kd5 Be3 70. Nc2 Bf4 71. e4 Ke7 72. d4 Bd2 73. Na3 Bb4 74. Nc4 Be1 75. Ne5 Bg3 76. Nc6+ Kd7 77. e5 Bh4 78. e6+ Ke8 79. Ne5 Bf2 80. Ng6 Be3 81. Ke4 Bg5 82. d5 Bf6 83. d6 Bg5 84. Kd5 Be7 1-0

[Event "SVK-chT 2122"]
[Site "Slovakia"]
[Date "2022.03.12"]
[Round "5.5"]
[White "Krak, Tomas"]
[Black "Hros, Roman"]
[Result "1-0"]
[WhiteElo "2310"]
[BlackElo "2236"]
[PlyCount "63"]
[EventDate "2021.10.23"]
[EventType "team-tourn"]
[EventRounds "11"]
[EventCountry "SVK"]
[SourceTitle "EXT 2023"]
[Source "ChessBase"]
[SourceDate "2022.10.05"]
[SourceVersion "1"]
[SourceVersionDate "2022.10.05"]
[SourceQuality "1"]
[WhiteTeam "Humenne Reinter"]
[BlackTeam "Liptov Chess School"]
[WhiteTeamCountry "SVK"]
[BlackTeamCountry "SVK"]

1. c4 Nf6 2. Nc3 c5 3. Nf3 Nc6 4. e3 e6 5. a3 d5 6. d4 a6 7. dxc5 Bxc5 8. b4 Ba7 9. Bb2 0-0 10. Qc2 Qe7 11. Rd1 Rd8 12. Be2 dxc4 13. Rxd8+ Qxd8 14. Bxc4 Bd7 15. Ne4 Nxe4 16. Qxe4 Ne7 17. Ng5 Ng6 18. h4 Rc8 19. 0-0 Bb8 20. Bb3 Bc6 21. Qg4 Bd5 22. Rd1 Qc7 23. Rxd5 exd5 24. h5 Qh2+ 25. Kf1 Qh1+ 26. Ke2 Ne7 27. Nxh7 d4 28. Bxd4 g6 29. hxg6 Rc2+ 30. Bxc2 fxg6 31. Qe6+ Kxh7 32. Qxe7+ 1-0

[Event "SVK-chT1E 2122"]
[Site "Slovakia"]
[Date "2022.02.27"]
[Round "5.1"]
[White "Tazbir, Marcin"]
[Black "Krak, Tomas"]
[Result "1-0"]
[WhiteElo "2511"]
[BlackElo "2331"]
[PlyCount "51"]
[EventDate "2022.01.29"]
[EventType "team-tourn"]
[EventRounds "11"]
[EventCountry "SVK"]
[SourceTitle "EXT 2023"]
[Source "ChessBase"]
[SourceDate "2022.10.05"]
[SourceVersion "1"]
[SourceVersionDate "2022.10.05"]
[SourceQuality "1"]
[WhiteTeam "Dunajov Inbest"]
[BlackTeam "Humenne Reinter II"]
[WhiteTeamCountry "SVK"]
[BlackTeamCountry "SVK"]

1. e4 e6 2. d3 c5 3. Nf3 Nc6 4. g3 d5 5. Qe2 Nf6 6. Bg2 Be7 7. 0-0 Qc7 8. Re1 d4 9. e5 Nd7 10. c4 h6 11. h4 g5 12. hxg5 hxg5 13. Na3 a6 14. Bxg5 Ndxe5 15. Nxe5 Bxg5 16. Nxc6 bxc6 17. Qe5 Qxe5 18. Rxe5 Bf6 19. Rxc5 Rb8 20. Rxc6 Bd7 21. Rxa6 Rxb2 22. c5 0-0 23. Nc4 Rc2 24. c6 Bc8 25. Ra8 e5 26. Rb1 1-0

[Event "SVK-chT1E 2122"]
[Site "Slovakia"]
[Date "2022.01.30"]
[Round "2.1"]
[White "Krak, Tomas"]
[Black "Hrabusa, Matej"]
[Result "1/2-1/2"]
[WhiteElo "2331"]
[BlackElo "2349"]
[PlyCount "44"]
[EventDate "2022.01.29"]
[EventType "team-tourn"]
[EventRounds "11"]
[EventCountry "SVK"]
[SourceTitle "EXT 2023"]
[Source "ChessBase"]
[SourceDate "2022.10.05"]
[SourceVersion "1"]
[SourceVersionDate "2022.10.05"]
[SourceQuality "1"]
[WhiteTeam "Humenne Reinter II"]
[BlackTeam "Liptov Chess School II"]
[WhiteTeamCountry "SVK"]
[BlackTeamCountry "SVK"]

1. e4 c5 2. Nf3 d6 3. d4 cxd4 4. Qxd4 Nc6 5. Bb5 Bd7 6. Bxc6 Bxc6 7. Nc3 Nf6 8. Bg5 e6 9. 0-0-0 Be7 10. Qd3 Qa5 11. Kb1 0-0 12. h4 h6 13. Bxf6 Bxf6 14. Nd4 Rfd8 15. f4 Bxd4 16. Qxd4 e5 17. Qd2 exf4 18. Qxf4 Qe5 19. g3 Re8 20. Qxe5 Rxe5 21. Rxd6 Bxe4 22. Nxe4 Rxe4 1/2-1/2

[Event "SVK-chT 1920"]
[Site "Slovakia"]
[Date "2020.09.04"]
[Round "9.4"]
[White "Tropp, Lukas"]
[Black "Krak, Tomas"]
[Result "1/2-1/2"]
[WhiteElo "2123"]
[BlackElo "2317"]
[PlyCount "55"]
[EventDate "2019.10.19"]
[EventType "team-tourn"]
[EventRounds "11"]
[EventCountry "SVK"]
[SourceTitle "EXT 2021"]
[Source "ChessBase"]
[SourceDate "2020.10.23"]
[SourceVersion "1"]
[SourceVersionDate "2020.10.23"]
[SourceQuality "1"]
[WhiteTeam "Kosice Slavia UPJS"]
[BlackTeam "Humenne Reinter"]
[WhiteTeamCountry "SVK"]
[BlackTeamCountry "SVK"]

1. e4 c5 2. Nf3 Nc6 3. Bb5 Nf6 4. e5 Nd5 5. 0-0 Nc7 6. Bxc6 dxc6 7. d3 h6 8. Nc3 Bf5 9. Be3 e6 10. Qe2 Nd5 11. Bd2 Be7 12. Ne4 0-0 13. c4 Nb4 14. Bxb4 cxb4 15. d4 b6 16. Rac1 Qd7 17. c5 bxc5 18. dxc5 Qd5 19. Rfe1 Bxe4 20. Qxe4 Qxe4 21. Rxe4 Rab8 22. Nd4 Rfc8 23. Kf1 Rc7 24. Ke2 a5 25. Nb3 Ra7 26. Rec4 Kf8 27. Nd4 Rc7 28. R1c2 1/2-1/2

[Event "SVK-chT 1920"]
[Site "Slovakia"]
[Date "2020.03.01"]
[Round "8.5"]
[White "Krak, Tomas"]
[Black "Veres, Andrej"]
[Result "0-1"]
[WhiteElo "2317"]
[BlackElo "2236"]
[PlyCount "59"]
[EventDate "2019.10.19"]
[EventType "team-tourn"]
[EventRounds "11"]
[EventCountry "SVK"]
[SourceTitle "CBM 195 Extra"]
[Source "ChessBase"]
[SourceDate "2020.05.31"]
[SourceVersion "1"]
[SourceVersionDate "2020.05.31"]
[SourceQuality "1"]
[WhiteTeam "Humenne Reinter"]
[BlackTeam "Dubnica nad Vahom"]
[WhiteTeamCountry "SVK"]
[BlackTeamCountry "SVK"]

1. Nf3 Nf6 2. c4 e6 3. g3 b6 4. Bg2 Bb7 5. 0-0 Be7 6. Nc3 0-0 7. Re1 d5 8. cxd5 exd5 9. d4 Na6 10. Bf4 c5 11. Rc1 Ne4 12. Nd2 g5 13. Be3 f5 14. Ndxe4 f4 15. Bd2 cxd4 16. Qb3 Kh8 17. Red1 dxe4 18. Nxe4 Nc5 19. Nxc5 Bxg2 20. Kxg2 bxc5 21. Qe6 Rf6 22. Qe4 Qf8 23. gxf4 Bd6 24. e3 gxf4 25. exf4 Re8 26. Qd5 Re2 27. Qf3 Rxd2 28. Rxd2 Bxf4 29. Qe2 Qh6 30. Ra1 0-1

[Event "SVK-chT1E 1920"]
[Site "Slovakia"]
[Date "2020.02.23"]
[Round "9.1"]
[White "Krak, Tomas"]
[Black "Haring, Filip"]
[Result "1/2-1/2"]
[WhiteElo "2331"]
[BlackElo "2308"]
[PlyCount "31"]
[EventDate "2019.10.12"]
[EventType "team-tourn"]
[EventRounds "11"]
[EventCountry "SVK"]
[SourceTitle "CBM 195 Extra"]
[Source "ChessBase"]
[SourceDate "2020.05.31"]
[SourceVersion "1"]
[SourceVersionDate "2020.05.31"]
[SourceQuality "1"]
[WhiteTeam "Humenne Reinter II"]
[BlackTeam "Banska Bystrica Junior"]
[WhiteTeamCountry "SVK"]
[BlackTeamCountry "SVK"]

1. e4 d6 2. d4 g6 3. Nc3 Bg7 4. Be3 a6 5. Qd2 b5 6. a4 b4 7. Na2 a5 8. c3 Nf6 9. f3 bxc3 10. Nxc3 h5 11. Rc1 0-0 12. Nge2 Na6 13. d5 e6 14. dxe6 Bxe6 15. Nd4 Nc5 16. Nxe6 1/2-1/2

[Event "SVK-chT 1920"]
[Site "Slovakia"]
[Date "2020.01.19"]
[Round "6.1"]
[White "Zambor, Norbert"]
[Black "Krak, Tomas"]
[Result "1/2-1/2"]
[WhiteElo "2288"]
[BlackElo "2317"]
[PlyCount "31"]
[EventDate "2019.10.19"]
[EventType "team-tourn"]
[EventRounds "11"]
[EventCountry "SVK"]
[SourceTitle "CBM 194 Extra"]
[Source "ChessBase"]
[SourceDate "2020.03.31"]
[SourceVersion "1"]
[SourceVersionDate "2020.03.31"]
[SourceQuality "1"]
[WhiteTeam "Prakovce"]
[BlackTeam "Humenne Reinter"]
[WhiteTeamCountry "SVK"]
[BlackTeamCountry "SVK"]

1. e4 c5 2. Nf3 Nc6 3. Bb5 Nf6 4. Nc3 g6 5. e5 Ng4 6. Bxc6 dxc6 7. h3 Nh6 8. g4 Bg7 9. d3 0-0 10. Be3 f5 11. exf6 exf6 12. Qd2 Nf7 13. 0-0-0 Qa5 14. a3 Be6 15. Ne4 Qxd2+ 16. Bxd2 1/2-1/2

[Event "SVK-chT1E 1920"]
[Site "Slovakia"]
[Date "2019.12.07"]
[Round "5.1"]
[White "Bunda, Viktor"]
[Black "Krak, Tomas"]
[Result "0-1"]
[WhiteElo "2255"]
[BlackElo "2349"]
[PlyCount "86"]
[EventDate "2019.10.12"]
[EventType "team-tourn"]
[EventRounds "11"]
[EventCountry "SVK"]
[SourceTitle "CBM 194 Extra"]
[Source "ChessBase"]
[SourceDate "2020.03.31"]
[SourceVersion "1"]
[SourceVersionDate "2020.03.31"]
[SourceQuality "1"]
[WhiteTeam "Michalovce Zemplin"]
[BlackTeam "Humenne Reinter II"]
[WhiteTeamCountry "SVK"]
[BlackTeamCountry "SVK"]

1. d4 Nf6 2. c4 c5 3. d5 e6 4. Nc3 exd5 5. cxd5 d6 6. e4 g6 7. Bd3 Bg7 8. h3 a6 9. a4 Nbd7 10. Nf3 Nh5 11. g4 Nhf6 12. Bf4 Qe7 13. Qe2 h5 14. g5 Nh7 15. h4 0-0 16. Rg1 Re8 17. a5 Nhf8 18. Rg3 b5 19. axb6 Nxb6 20. Nd2 Nfd7 21. Na4 c4 22. Bxc4 Nxa4 23. Rxa4 Nc5 24. Ra2 Rb8 25. b3 Bg4 26. f3 Be5 27. Bxe5 Qxe5 28. Kf2 Bd7 29. Qe3 Bb5 30. b4 Na4 31. f4 Qe7 32. Bxb5 axb5 33. Qd4 Rbc8 34. Re3 Qd7 35. Rg3 Rc1 36. Ra1 Rc2 37. Re1 Rec8 38. Kg1 R8c3 39. Rg2 Qh3 40. Ree2 Rc1+ 41. Nf1 Rd3 42. Qa7 Rdd1 43. Ref2 Nc3 0-1

[Event "SVK-chT1E 1920"]
[Site "Slovakia"]
[Date "2019.11.10"]
[Round "4.1"]
[White "Sevcikova, Lucia"]
[Black "Krak, Tomas"]
[Result "0-1"]
[WhiteElo "1934"]
[BlackElo "2322"]
[PlyCount "44"]
[EventDate "2019.10.12"]
[EventType "team-tourn"]
[EventRounds "11"]
[EventCountry "SVK"]
[SourceTitle "CBM 193 Extra"]
[Source "ChessBase"]
[SourceDate "2020.01.31"]
[SourceVersion "1"]
[SourceVersionDate "2020.01.31"]
[SourceQuality "1"]
[WhiteTeam "Kysucke Nove Mesto"]
[BlackTeam "Humenne Reinter II"]
[WhiteTeamCountry "SVK"]
[BlackTeamCountry "SVK"]

1. d4 Nf6 2. c4 g6 3. Nc3 Bg7 4. g3 0-0 5. Nf3 d6 6. Bg2 Nc6 7. 0-0 a6 8. Rb1 Bf5 9. Ra1 Rb8 10. d5 Na5 11. Nd2 c5 12. e4 Bd7 13. f4 Ng4 14. Nf3 Nxc4 15. Qd3 b5 16. h3 Nf6 17. b3 Nb6 18. Bb2 Nh5 19. Nd2 c4 20. bxc4 Nxc4 21. Bc1 Nxd2 22. Bxd2 b4 0-1

[Event "SVK-chT 1920"]
[Site "Slovakia"]
[Date "2019.10.19"]
[Round "1.4"]
[White "Krak, Tomas"]
[Black "Csonka, Attila Istvan"]
[Result "1-0"]
[WhiteElo "2269"]
[BlackElo "2355"]
[PlyCount "83"]
[EventDate "2019.10.19"]
[EventType "team-tourn"]
[EventRounds "11"]
[EventCountry "SVK"]
[SourceTitle "CBM 192 Extra"]
[Source "Chessbase"]
[SourceDate "2019.11.06"]
[SourceVersion "1"]
[SourceVersionDate "2019.11.06"]
[SourceQuality "1"]
[WhiteTeam "Humenne Reinter"]
[BlackTeam "Dunajska Streda"]
[WhiteTeamCountry "SVK"]
[BlackTeamCountry "SVK"]

1. Nf3 Nf6 2. c4 e6 3. g3 d5 4. Bg2 Be7 5. 0-0 0-0 6. d4 Nbd7 7. b3 c6 8. Qc2 b6 9. Nc3 Ba6 10. Nd2 Rc8 11. e4 c5 12. exd5 exd5 13. Nxd5 Nxd5 14. Bxd5 Nf6 15. Bg2 Qxd4 16. Bb2 Qg4 17. Rfe1 Rc7 18. Ne4 Bb7 19. Bxf6 Bxf6 20. Nxf6+ gxf6 21. Bxb7 Rxb7 22. Re4 Qg6 23. Qe2 f5 24. Re5 Rd8 25. Rd1 Rxd1+ 26. Qxd1 f6 27. Qd5+ Qf7 28. Rxf5 Rd7 29. Qf3 Rd6 30. Kg2 Kg7 31. h4 Qe6 32. a4 Rd4 33. Rd5 Rxd5 34. cxd5 Qe5 35. Qd3 Kf8 36. d6 Ke8 37. Qb5+ Kf8 38. Qc6 f5 39. Qa8+ Qe8 40. Qd5 Qe4+ 41. Qxe4 fxe4 42. Kf1 1-0